000 00376nam a2200157Ia 4500
008 230523s9999 xx 000 0 und d
082 _a004.6782 DUB
100 _aDubey, Sanjiva Kumar
245 0 _aCloud Computing and Beyond: A Managerial Perspective
250 _a2
260 _aDelhi
260 _bI.K. International
260 _c2018
300 _a276
942 _cTB
999 _c1939
_d1939